| 000 | 00503nam a2200181Ia 4500 | ||
|---|---|---|---|
| 005 | 20250326125049.0 | ||
| 008 | 250326s9999 xx 000 0 und d | ||
| 037 | _aTextbook | ||
| 040 |
_aFMSL _beng _cFMSL |
||
| 041 |
_aeng _2eng |
||
| 084 |
_aX:9 M12 _qFMSL |
||
| 100 |
_aPrasad L _9496699 |
||
| 245 | 0 |
_aManagement of human resources _cPrasad L; Bannerjee A M |
|
| 260 |
_aNew Delhi _bNew Delhi, Sterling _c1981 |
||
| 300 | _a197p | ||
| 942 |
_cTB _hX:9 M12 |
||
| 999 |
_c1276378 _d1276378 |
||